[Event "AUTO-ADV-3424"]
[Site "http://www.queenalice.com/game.php?id=1362237"]
[Date "2015.5.29"]
[Round "1"]
[White "BlackKnight72"]
[Black "peabiru"]
[Result "1-0"]
[WhiteElo "1723"]
[BlackElo "1681"]

1. d4 e6 2. c4 Nf6 3. Nc3 Bb4 4. Bd2 Nc6 5. Nf3 Bxc3 6. Bxc3 Ne4 7. e3 Qf6 8.
Bd3 Qg6 9. O-O d5 10. Qc2 e5 11. dxe5 Bh3 12. Nh4 Qg4 13. Bxe4 dxe4 14. g3 g5
15. Ng2 Qf3 16. Ne1 Qf5 17. f4 gxf4 18. exf4 Bxf1 19. Kxf1 Qh3+ 20. Kg1 O-O-O
21. Qxe4 Rhg8 22. Qg2 Qg4 23. Nc2 Rd1+ 24. Rxd1 Qxd1+ 25. Ne1 Qa4 26. a3 Qxc4
27. h3 Nd4 28. Kh2 Qe2 29. Bxd4 Qxg2+ 30. Kxg2 Rd8 31. Bc3 Rd1 32. Nf3 Kd7 33.
Ng5 Ke7 34. Nxh7 Rc1 35. Ng5 c5 36. h4 b5 37. Kh3 b4 38. axb4 c4 39. Kg4 Rd1 40.
h5 Rd8 41. h6 Rh8 42. h7 1-0

[Event "AUTO-ADV-3424"]
[Site "http://www.queenalice.com/game.php?id=1362238"]
[Date "2015.5.29"]
[Round "1"]
[White "peabiru"]
[Black "al93oliveira"]
[Result "0-1"]
[WhiteElo "1692"]
[BlackElo "1868"]

1. Nf3 d5 2. Nc3 Nf6 3. e3 c5 4. Ne5 d4 5. exd4 cxd4 6. Bc4 e6 7. Nb5 a6 8. Na3
Bd6 9. Ng4 O-O 10. Nxf6+ Qxf6 11. Qf3 Qxf3 12. gxf3 Nc6 13. O-O b5 14. Be2 Bb7
15. d3 Ne5 16. Bf4 g5 17. Bxe5 Bxe5 18. c4 dxc3 19. bxc3 Bxc3 20. Rac1 Rfc8 21.
Nb1 Bb2 22. Rxc8+ Rxc8 23. Nd2 Rc2 24. Rd1 Bc3 25. Ne4 Bxe4 26. dxe4 Rxe2 27.
Rd8+ Kg7 28. Rd1 Rxa2 29. Kg2 a5 30. Rg1 Bd4 31. Kh1 h6 32. h4 Kf6 33. h5 Ra1
34. Rxa1 Bxa1 35. Kg1 Bd4 0-1

[Event "AUTO-ADV-3424"]
[Site "http://www.queenalice.com/game.php?id=1362239"]
[Date "2015.5.29"]
[Round "1"]
[White "al93oliveira"]
[Black "peabiru"]
[Result "1-0"]
[WhiteElo "1822"]
[BlackElo "1697"]

1. e4 e5 2. f4 Bc5 3. Nf3 exf4 4. d4 Bb4+ 5. c3 Be7 6. Bxf4 Nf6 7. Nbd2 d5 8. e5
Ne4 9. Bd3 Bf5 10. O-O Bg4 11. Nxe4 dxe4 12. Bxe4 Qd7 13. Bxb7 Bxf3 14. Qxf3 1-0

[Event "AUTO-OPEN-3490"]
[Site "http://www.queenalice.com/game.php?id=1362428"]
[Date "2015.5.30"]
[Round "1"]
[White "peabiru"]
[Black "josebaron"]
[Result "0-1"]
[WhiteElo "1666"]
[BlackElo "2035"]

1. e4 e5 2. Nf3 Nc6 3. Bc4 Be7 4. Ng5 Bxg5 5. Qf3 Nf6 6. h4 Bh6 7. g4 g5 8. d3
Nd4 9. Qd1 d5 10. hxg5 Bxg4 11. Qd2 Nf3+ 12. Kf1 Nxd2+ 13. Nxd2 Bxg5 0-1

[Event "AUTO-OPEN-3490"]
[Site "http://www.queenalice.com/game.php?id=1362429"]
[Date "2015.5.30"]
[Round "1"]
[White "josebaron"]
[Black "peabiru"]
[Result "1-0"]
[WhiteElo "2013"]
[BlackElo "1664"]

1. e4 e5 2. f4 Qf6 3. d4 exd4 4. Nf3 Nc6 5. Bd3 Bb4+ 6. Bd2 Qxf4 7. O-O Bxd2 8.
Nbxd2 d6 9. Nxd4 Qe3+ 10. Rf2 Nxd4 11. Nc4 Qg5 12. c3 Bg4 13. Qf1 Nf6 14. cxd4
1-0

[Event "AUTO-OPEN-3490"]
[Site "http://www.queenalice.com/game.php?id=1362430"]
[Date "2015.5.30"]
[Round "1"]
[White "peabiru"]
[Black "Kuroi"]
[Result "0-1"]
[WhiteElo "1688"]
[BlackElo "1738"]

1. e4 e5 2. Nf3 Nc6 3. Nc3 d6 4. Bb5 Nf6 5. Nd5 Nxe4 6. Bxc6+ bxc6 7. Nb4 Bb7 8.
d3 Nf6 9. Bg5 c5 10. Bxf6 Qxf6 11. Qe2 cxb4 12. d4 Bxf3 13. gxf3 a5 14. f4 Qxf4
15. dxe5 Qxe5 16. Rd1 Qxe2+ 17. Kxe2 O-O-O 18. Rd5 a4 19. b3 Re8+ 20. Kf1 c6 21.
Ra5 a3 22. Kg2 c5 23. Ra8+ Kd7 24. Rxe8 Kxe8 25. Re1+ Be7 26. h4 Kd7 27. h5 Bf6
28. f4 Bc3 29. f5 Bxe1 0-1

[Event "AUTO-OPEN-3490"]
[Site "http://www.queenalice.com/game.php?id=1362431"]
[Date "2015.5.30"]
[Round "1"]
[White "Kuroi"]
[Black "peabiru"]
[Result "0-1"]
[WhiteElo "1738"]
[BlackElo "1656"]

1. e4 e5 2. Nf3 Nc6 3. Nc3 Nf6 4. d3 Bc5 5. g3 Ng4 6. Bg2 Nxf2 7. Qd2 Nxh1 8.
Bxh1 Qf6 9. Nd5 Qd6 10. Qg5 Nb4 11. Qxg7 Qf8 12. Qxe5+ Be7 13. Qc3 Nxd5 14. exd5
Bb4 15. Qd2 Bxd2+ 16. Bxd2 Qe7+ 17. Kf2 d6 18. Re1 Be6 19. Ng5 Qf6+ 20. Bf3 O-O
21. Ke2 Rae8 22. Kf2 Bxd5 23. Rxe8 Rxe8 24. Kg2 Bxf3+ 25. Nxf3 Re2+ 26. Kh3 Qxf3
27. Bc3 Rxc2 28. d4 Qh5# 0-1

[Event "Challenge"]
[Site "http://www.queenalice.com/game.php?id=1363367"]
[Date "2015.6.3"]
[Round "-"]
[White "Kuroi"]
[Black "peabiru"]
[Result "0-1"]
[WhiteElo "1693"]
[BlackElo "1680"]

1. e4 c6 2. Nf3 Nf6 3. Nc3 d5 4. d3 dxe4 5. dxe4 Qxd1+ 6. Kxd1 Bg4 7. h3 Bxf3+
8. gxf3 e5 9. b3 Bb4 10. Bb2 O-O 11. a3 Bc5 12. Rh2 Nbd7 13. h4 Nh5 14. b4 Be7
15. Bh3 Nb6 16. b5 cxb5 17. Nxb5 a6 18. Nc7 Rad8+ 19. Kc1 Bd6 20. Nd5 Nxd5 21.
exd5 Nf4 22. c4 Nd3+ 23. Kc2 Nxb2 24. Kxb2 e4 25. Rhh1 Be5+ 26. Kb3 Bxa1 27.
Rxa1 exf3 28. Bg4 Rd6 29. Re1 Rb6+ 30. Ka4 Rf6 31. Re4 Rd8 32. Kb4 Kf8 33. Kc3
b5 34. Rd4 bxc4 35. Kxc4 g6 36. Kc5 h5 37. Bh3 Ke7 38. Bf1 Rc8+ 39. Kb4 Rc2 40.
Ka5 Rxf2 41. Bc4 Rh2 42. Bxa6 f2 43. a4 Rxa6+ 44. Kxa6 f1=Q+ 0-1

[Event "Challenge"]
[Site "http://www.queenalice.com/game.php?id=1363368"]
[Date "2015.6.3"]
[Round "-"]
[White "Bategoll"]
[Black "peabiru"]
[Result "0-1"]
[WhiteElo "1880"]
[BlackElo "1654"]

1. d4 Nf6 2. Nf3 e6 3. e3 a6 4. Bd3 Be7 5. c4 Nc6 6. Nc3 d5 7. cxd5 Nxd5 8. Kf1
Nxc3 9. bxc3 Bd7 10. Ke2 Na5 11. Re1 O-O 12. Kf1 Bb5 13. Bxb5 axb5 14. Bb2 b6
15. e4 Nc4 16. Bc1 b4 17. Bf4 bxc3 18. Qb3 Nd2+ 19. Bxd2 cxd2 20. Nxd2 Qxd4 21.
Nf3 Qb4 22. Qc2 Qb5+ 23. Kg1 Bc5 24. e5 Ra4 25. Ng5 Rh4 26. Nf3 Rg4 27. a4 Qb4
28. Reb1 Rxg2+ 29. Kxg2 Qg4+ 30. Kf1 Qxf3 31. a5 Qh1+ 32. Ke2 Qxh2 33. Rf1 Qh5+
34. f3 Qxe5+ 35. Qe4 Qb2+ 0-1

[Event "Challenge"]
[Site "http://www.queenalice.com/game.php?id=1364967"]
[Date "2015.6.11"]
[Round "-"]
[White "carlosufpe"]
[Black "peabiru"]
[Result "0-1"]
[WhiteElo "1687"]
[BlackElo "1676"]

1. d4 Nf6 2. e3 e6 3. Nf3 d5 4. Be2 Nc6 5. O-O Bd7 6. Bb5 Bd6 7. Bxc6 Bxc6 8.
Nbd2 O-O 9. a3 Bb5 10. Re1 Qd7 11. c3 Qc6 12. a4 Bd3 13. Nb3 Ba6 14. Bd2 Ne4 15.
Bc1 Qb6 16. Qc2 c6 17. Nbd2 f5 18. Nxe4 fxe4 19. Nd2 Bd3 20. Qb3 Qc7 21. g3 Qf7
22. Qd1 Qxf2+ 23. Kh1 e5 24. dxe5 Bxe5 25. Rg1 Rae8 26. Qe1 Qf5 27. Nb3 Qf3+ 28.
Rg2 Bf1 0-1

[Event "Challenge"]
[Site "http://www.queenalice.com/game.php?id=1366781"]
[Date "2015.6.21"]
[Round "-"]
[White "peabiru"]
[Black "cdare"]
[Result "1-0"]
[WhiteElo "1824"]
[BlackElo "1911"]

1. d3 e5 2. e3 d5 3. e4 d4 4. f4 Nc6 5. fxe5 Nxe5 6. Nf3 Bd6 7. Nxd4 c5 8. Nf3
Bg4 9. Be2 Nxf3+ 10. Bxf3 Qh4+ 11. Kf1 Nf6 12. h3 Bxf3 13. Qxf3 O-O 14. Na3 a6
15. Nc4 Bc7 16. e5 Nh5 17. Qxb7 Ng3+ 18. Kg1 Nxh1 19. Qxc7 Qe1+ 20. Kh2 Nf2 21.
Nb6 Rad8 22. Nd7 Rc8 23. Qd6 Rfe8 24. Nb6 Rcd8 25. Qxc5 Rxe5 26. Qc4 Rde8 27. c3
R5e6 28. Nd5 Rg6 29. Be3 Qxa1 30. Ne7+ Kf8 31. Nxg6+ hxg6 32. Bxf2 Qxb2 33. Bd4
Qb8+ 34. Kg1 Qg3 35. Bf2 Qb8 36. Qb3 Qf4 37. Qc2 g5 38. Qd1 f6 39. c4 Re5 40. g3
Qf5 41. g4 Qh7 42. d4 Re8 43. Qb3 Qe4 44. d5 Qe5 45. Qa3+ Kg8 46. d6 Ra8 47. c5
Qe2 48. Qb3+ Kh8 49. Qd5 Rb8 50. d7 Rb1+ 51. Kg2 Qf1+ 52. Kg3 Kh7 53. d8=Q Rb2
54. Qf5+ 1-0

[Event "Challenge"]
[Site "http://www.queenalice.com/game.php?id=1366782"]
[Date "2015.6.21"]
[Round "-"]
[White "cdare"]
[Black "peabiru"]
[Result "0-1"]
[WhiteElo "1846"]
[BlackElo "1787"]

1. e4 c5 2. Nf3 e6 3. c3 Nc6 4. Bb5 d5 5. Bxc6+ bxc6 6. Qe2 Nf6 7. e5 Nd7 8. d4
Bb7 9. Bf4 a5 10. Nbd2 Ba6 11. c4 cxd4 12. Nxd4 Qb6 13. N4b3 a4 14. Be3 c5 15.
Nc1 Qxb2 16. Rb1 Qxe5 17. Nd3 Qf5 18. O-O dxc4 19. Nf4 c3 20. Nc4 Ne5 21. Qh5
Qxh5 22. Nxh5 Nxc4 23. Rfc1 Nxe3 24. fxe3 Bd3 25. Ra1 c2 26. Nf4 Be4 27. a3 Rd8
28. Ne2 Rd2 29. Re1 Bd6 30. Kf2 Be5 31. Rac1 Bb2 32. Kg3 Rxe2 33. Rxe2 Bxc1 0-1

[Event "Challenge"]
[Site "http://www.queenalice.com/game.php?id=1385988"]
[Date "2015.9.28"]
[Round "-"]
[White "ORNELAS"]
[Black "peabiru"]
[Result "0-1"]
[WhiteElo "1743"]
[BlackElo "1736"]

1. Nf3 Nf6 2. b3 g6 3. Bb2 d5 4. d4 Nc6 5. c3 h5 6. Ng5 Bh6 7. Qd2 Ne4 8. Qd3
Bxg5 9. e3 a6 10. Be2 Bf5 11. O-O Nxf2 12. Qd2 Ng4 13. Bxg4 hxg4 14. Qf2 Qd6 15.
g3 Qe6 16. Bc1 Bd3 17. Rd1 Qf5 18. Qxf5 Bxf5 19. Bd2 e5 20. dxe5 Nxe5 21. Na3
Nf3+ 22. Kf1 Bd3+ 23. Kg2 Rxh2# 0-1

[Event "Challenge"]
[Site "http://www.queenalice.com/game.php?id=1386058"]
[Date "2015.9.28"]
[Round "-"]
[White "Bategoll"]
[Black "peabiru"]
[Result "0-1"]
[WhiteElo "1855"]
[BlackElo "1714"]

1. e4 c6 2. d4 d5 3. exd5 cxd5 4. Nf3 Nf6 5. Bd3 e6 6. Nc3 Bb4 7. Bd2 O-O 8. O-O
Bd7 9. Re1 Nc6 10. a3 Ba5 11. b4 Bb6 12. b5 Nxd4 13. a4 Nxf3+ 14. Qxf3 Bd4 15.
Rab1 Qc7 16. Ne2 Be5 17. Bf4 Bxf4 18. Nxf4 Qc5 19. Qg3 Rfe8 20. Ra1 e5 21. Nh3
Bxh3 22. Qxh3 e4 23. Be2 Qxc2 0-1

[Event "copa america"]
[Site "http://www.queenalice.com/game.php?id=1421282"]
[Date "2016.5.4"]
[Round "2"]
[White "Islander"]
[Black "peabiru"]
[Result "1-0"]
[WhiteElo "2221"]
[BlackElo "1843"]

1. e4 e5 2. Nc3 Nc6 3. Bc4 d6 4. d3 h5 5. f4 exf4 6. Bxf4 Qh4+ 7. g3 Qd8 8. Nf3
Bg4 9. h3 Be6 10. Qe2 Bxc4 11. dxc4 g6 12. O-O-O f6 13. Rhe1 Qc8 14. e5 dxe5 15.
Bxe5 fxe5 16. Nxe5 Nge7 17. Nxg6 Rh6 18. Qe4 Qxh3 19. Nd5 Qxg3 20. Rg1 Qh2 21.
Ndxe7 Nxe7 22. Nxe7 Rd6 23. Nf5+ Kd8 24. Nxd6 cxd6 25. Rg8 Qf2 26. Qxb7 Qf4+ 27.
Kb1 Rc8 28. Qg7 h4 29. Rxf8+ Qxf8 30. Qxf8+ Kc7 31. Qxd6+ Kb7 32. Re1 Rc7 33.
Re6 Kc8 34. Re8+ Kb7 35. Qd5+ Rc6 36. Re7+ Kb8 37. Qxc6 a5 38. Qe8# 1-0